Az 1965. évi külföldi filozófiai irodalom válogatott bibliográfiája
Elmentve itt :
| Szerző: | |
|---|---|
| Adatforrás: | Philobibl |
| Forrásdokumentuma: | Magyar Filozófiai Szemle 10 1966/5., 865-885. p. |
| Dokumentumtípus: | Cikk |
| Nyelv: | magyar |
| LEADER | 00356nab a2200097 c 4500 | ||
|---|---|---|---|
| 001 | bibDOK00007643 | ||
| 005 | 20200924120337.7 | ||
| 008 | 060518s1966 hu hun | ||
| 100 | 1 | |a Kovácsné Tóth Ilona | |
| 245 | 1 | 3 | |a Az 1965. évi külföldi filozófiai irodalom válogatott bibliográfiája |c Kovácsné Tóth Ilona |
| 773 | 0 | |t Magyar Filozófiai Szemle 10 |g 1966/5., 865-885. p. | |